00574 2200205 4500001002100000005001800021008004100039020002200080035002400102090001800126100001500144245003500159260002900194300003200223650001900255700004900274850001500323999001500338999001500353YOGYA-0111000000069120110127082226803 ind  a978-979-3065-22-9 0010-011100000000691 a297.246 Kha Y aKHALED,Amr aYusuf: misteri baju yang robek aYogyakartabNavilac2009 aXVI, 206 hlm.; 24 cm(2 eks) aNabi Yusuf a.s aJamaliddin, mahbub ; Pamungkas, Endhiq Anang aYOPDYOG[B] a10BKS01847 a10BKS01848